00672 2200229 4500001002100000005001500021035002000036007000300056008004100059020001500100082001100115084001700126100001700143245002500160260002600185300003600211500014300247650002100390856001700411990000700428990000700435INLIS00000000000003720220120114420 a0010-0122000037ta220120 0 ind  a9799417899 a001.43 a001.43 WAH m0 aWahyu Candra1 aMari Bereksperimen 6 aSurabaya :bIC,c2010 a52 hlm :bilus. ;c21 x 29.7 cm aMari Bereksperimen adalah seri buku sains yang sangat informatif dan mudah dipahami oleh anak-anak dan remaja. buku ini berjumlah 10 seri. 4aPercobaan Ilmiah aKoleksi Umum a39 a40